Los grabados de la Historia Antigua de México (Record no. 4036)

MARC details
000 -CABECERA
campo de control de longitud fija 00866nam a2200241 a 4500
001 - NÚMERO DE CONTROL
campo de control BRCA_4325
005 - FECHA Y HORA DE LA ÚLTIMA TRANSACCIÓN
campo de control 20190320204628.0
008 - DATOS DE LONGITUD FIJA--INFORMACIÓN GENERAL
campo de control de longitud fija 250610s1980----mx-ab#####---#000-0#spa-#
020 ## - NÚMERO INTERNACIONAL ESTÁNDAR DEL LIBRO
Número Internacional Estándar del Libro 968710810X
041 ## - CÓDIGO DE LENGUA
Código de lengua del texto/banda sonora o título independiente spa
044 ## - CÓDIGO DEL PAÍS DE LA ENTIDAD EDITORA/PRODUCTORA
Código MARC del país mx
050 #4 - SIGNATURA TOPOGRÁFICA DE LA BIBLIOTECA DEL CONGRESO
Número de clasificación NE544
Número de documento/Ítem .G73 1980
245 10 - MENCIÓN DE TÍTULO
Título Los grabados de la Historia Antigua de México
Mención de responsabilidad, etc. prólogo de Ernesto de la Torre Villar.
260 ## - PUBLICACIÓN, DISTRIBUCIÓN, ETC.
Lugar de publicación, distribución, etc. México
Nombre del editor, distribuidor, etc. Celanece Mexicana ; San Ángel
Fecha de publicación, distribución, etc. 1980
300 ## - DESCRIPCIÓN FÍSICA
Extensión 52 p.
Otras características físicas il., 21 láminas, mapas
Dimensiones 44 cm.
500 ## - NOTA GENERAL
Nota general Incluye biografía de Francisco Javier Clavijero e índice onomástico
500 ## - NOTA GENERAL
Nota general Por su formato NO se presta a domicilio
650 14 - PUNTO DE ACCESO ADICIONAL DE MATERIA--TÉRMINO DE MATERIA
Término de materia o nombre geográfico como elemento de entrada Indios de México
Subdivisión de forma Trabajos Ilustrados
Subdivisión general Historia
9 (RLIN) 11090
651 #4 - PUNTO DE ACCESO ADICIONAL DE MATERIA--NOMBRE GEOGRÁFICO
Nombre geográfico México
Subdivisión general Historia
9 (RLIN) 614
700 1# - PUNTO DE ACCESO ADICIONAL--NOMBRE DE PERSONA
Nombre de persona Torre Villar, Ernesto de la
9 (RLIN) 11091
700 1# - PUNTO DE ACCESO ADICIONAL--NOMBRE DE PERSONA
Nombre de persona Clavijero, Francisco Javier
Fechas asociadas al nombre 1731-1787
9 (RLIN) 9702
942 ## - ELEMENTOS DE PUNTO DE ACCESO ADICIONAL (KOHA)
Fuente del sistema de clasificación o colocación Library of Congress Classification
Tipo de ítem Koha Libros
Holdings
Estado de retiro Estado de pérdida Estado dañado No para préstamo Localización permanente Ubicación/localización actual Fecha de adquisición Total de préstamos Signatura topográfica completa Código de barras Fecha visto por última vez Precio válido a partir de Tipo de ítem Koha
El ejemplar forma parte de la colección y puede ser consultado según las políticas vigentes.       Biblioteca del Museo Franz Mayer (Rogerio Casas-Alatriste) Biblioteca del Museo Franz Mayer (Rogerio Casas-Alatriste) 25/06/2010   NE544 .G73 1980 00614 22/03/2019 22/03/2019 Libros